[Event "HUN-chT2 Charousek 1112"]
[Site "Hungary"]
[Date "2012.03.11"]
[Round "7"]
[White "Varga, Zsofia"]
[Black "Toth, Alexandra"]
[Result "1/2-1/2"]
[WhiteElo "1857"]
[BlackElo "1844"]
[PlyCount "47"]
[EventDate "2011.09.25"]
[EventType "team-tourn"]
[EventRounds "11"]
[EventCountry "HUN"]
[SourceTitle "EXT 2013"]
[Source "ChessBase"]
[SourceDate "2012.11.22"]
[SourceVersion "1"]
[SourceVersionDate "2012.11.22"]
[SourceQuality "1"]
[WhiteTeam "Kisber Aszar"]
[BlackTeam "Gyor Elektromos"]
[WhiteTeamCountry "HUN"]
[BlackTeamCountry "HUN"]

1. e4 e5 2. Nf3 Nc6 3. Bb5 a6 4. Bxc6 dxc6 5. h3 Nf6 6. d3 Bc5 7. 0-0 Qe7 8. Nbd2 0-0 9. Nc4 Nd7 10. a3 b5 11. Ne3 Bxe3 12. Bxe3 Bb7 13. Qd2 c5 14. Qc3 Rfc8 15. Rfe1 b4 16. Qb3 Rcb8 17. axb4 cxb4 18. Ra5 c5 19. c3 Bc6 20. Rea1 bxc3 21. Qxc3 Bb5 22. Rc1 Rc8 23. Qa3 f6 24. Qb3+ 1/2-1/2

[Event "HUN-chT2 Charousek 1112"]
[Site "Hungary"]
[Date "2012.01.29"]
[Round "5"]
[White "Varga, Zsofia"]
[Black "Piroska, Istvan"]
[Result "0-1"]
[WhiteElo "1857"]
[BlackElo "2129"]
[PlyCount "94"]
[EventDate "2011.09.25"]
[EventType "team-tourn"]
[EventRounds "11"]
[EventCountry "HUN"]
[SourceTitle "EXT 2013"]
[Source "ChessBase"]
[SourceDate "2012.11.22"]
[SourceVersion "1"]
[SourceVersionDate "2012.11.22"]
[SourceQuality "1"]
[WhiteTeam "Kisber Aszar"]
[BlackTeam "Penzugyor II"]
[WhiteTeamCountry "HUN"]
[BlackTeamCountry "HUN"]

1. e4 e5 2. Nf3 Nc6 3. Bb5 a6 4. Ba4 Nf6 5. d3 Bc5 6. 0-0 b5 7. Bb3 d6 8. Bg5 h6 9. Bh4 Na5 10. Nbd2 0-0 11. c3 Nxb3 12. Qxb3 Bb6 13. d4 Re8 14. Rfe1 g5 15. Bg3 Nh5 16. Nf1 Nxg3 17. Nxg3 Bg4 18. Nf5 Bxf5 19. exf5 Qf6 20. dxe5 dxe5 21. Qd5 Qxf5 22. Qe4 Qxe4 23. Rxe4 f6 24. Rae1 Red8 25. Kf1 Rd3 26. h4 Rad8 27. a3 c5 28. hxg5 hxg5 29. Rg4 c4 30. Rge4 Kg7 31. R4e2 g4 32. Nh2 g3 33. Ng4 Rh8 34. Kg1 Rh4 35. Ne3 gxf2+ 36. Kxf2 Rxe3 37. Rxe3 Re4 38. Kf3 Rxe3+ 39. Rxe3 Bxe3 40. Kxe3 f5 41. Kf3 Kf6 42. Ke3 Kg5 43. Kf3 e4+ 44. Ke3 Kg4 45. Kf2 f4 46. Kf1 Kg3 47. Kg1 e3 0-1

[Event "HUN-chT2 Szechenyi 1011"]
[Site "Hungary"]
[Date "2011.04.10"]
[Round "8.5"]
[White "Varga, Zsofia"]
[Black "Angyalosi, Daniel"]
[Result "1/2-1/2"]
[WhiteElo "1850"]
[BlackElo "2082"]
[PlyCount "62"]
[EventDate "2010.09.12"]
[EventType "team-tourn"]
[EventRounds "11"]
[EventCountry "HUN"]
[SourceTitle "EXT 2012"]
[Source "ChessBase"]
[SourceDate "2011.11.24"]
[SourceVersion "1"]
[SourceVersionDate "2011.11.24"]
[SourceQuality "1"]
[WhiteTeam "FKMK"]
[BlackTeam "Baki Agrocentrum"]
[WhiteTeamCountry "HUN"]
[BlackTeamCountry "HUN"]

1. e4 c5 2. c3 d5 3. exd5 Qxd5 4. d4 Nc6 5. Nf3 cxd4 6. cxd4 e5 7. Nc3 Bb4 8. Be3 exd4 9. Bxd4 Nxd4 10. Qxd4 Qxd4 11. Nxd4 Nf6 12. Bb5+ Kf8 13. 0-0 a6 14. Ba4 g6 15. Rac1 Kg7 16. Rfd1 b5 17. Bb3 Bd7 18. Nd5 Nxd5 19. Bxd5 Ra7 20. Nc6 Bxc6 21. Rxc6 Rd8 22. Rcc1 Rad7 23. Bf3 Rd2 24. Kf1 Rxd1+ 25. Rxd1 Rxd1+ 26. Bxd1 Bd6 27. h3 Kf6 28. Ke2 Ke5 29. Bb3 f5 30. Bg8 h6 31. Bf7 g5 1/2-1/2

[Event "HUN-chT2 Szechenyi 0910"]
[Site "Hungary"]
[Date "2010.03.14"]
[Round "6.6"]
[White "Varga, Zsofia"]
[Black "Hegedus, Gyula"]
[Result "0-1"]
[WhiteElo "1840"]
[BlackElo "2124"]
[PlyCount "117"]
[EventDate "2009.11.08"]
[EventType "team-tourn"]
[EventRounds "11"]
[EventCountry "HUN"]
[SourceTitle "EXT 2011"]
[Source "ChessBase"]
[SourceDate "2010.11.26"]
[SourceVersion "1"]
[SourceVersionDate "2010.11.26"]
[SourceQuality "1"]
[WhiteTeam "FKMK"]
[BlackTeam "BSC"]
[WhiteTeamCountry "HUN"]
[BlackTeamCountry "HUN"]

1. e4 c5 2. c3 Nf6 3. e5 Nd5 4. d4 cxd4 5. Qb3 e6 6. cxd4 b6 7. Bc4 Bb7 8. Ne2 d6 9. f4 Qh4+ 10. g3 Qh3 11. Qf3 Bc6 12. Qf1 Qh5 13. Nbc3 Nb4 14. Bb3 Nd7 15. Rg1 Rd8 16. Be3 Qf5 17. Nc1 dxe5 18. fxe5 Nc2+ 19. Bxc2 Qxc2 20. Qe2 Qxe2+ 21. N1xe2 b5 22. a3 Nb6 23. 0-0-0 Nc4 24. Bf2 g6 25. Nf4 Bh6 26. Kb1 Bxf4 27. gxf4 Rd7 28. Rg3 0-0 29. Rgd3 Nb6 30. b3 a5 31. Kb2 b4 32. axb4 axb4 33. Ne2 Bb5 34. R3d2 Bxe2 35. Rxe2 Nd5 36. Rc2 Nxf4 37. Rc4 Nd5 38. Ra1 f5 39. Be1 Rb7 40. Ra6 Kf7 41. Rac6 g5 42. Rc8 Rxc8 43. Rxc8 f4 44. Rh8 Kg6 45. Rc8 Kf5 46. Bf2 Rc7 47. Rf8+ Kg4 48. Rg8 Nc3 49. Be1 f3 50. Rf8 Nd5 51. h3+ Kxh3 52. Rxf3+ Kg4 53. Rg3+ Kf5 54. Rg2 h5 55. Bd2 g4 56. Rh2 Rh7 57. Be1 Kf4 58. Kc2 g3 59. Rg2 0-1

[Event "Harkany Tenkes Cup 33rd"]
[Site "Harkany"]
[Date "2009.11.27"]
[Round "2"]
[White "Kadar, Gabor"]
[Black "Varga, Zsofia"]
[Result "1-0"]
[WhiteElo "2160"]
[BlackElo "1840"]
[PlyCount "121"]
[EventDate "2009.11.26"]
[EventType "swiss"]
[EventRounds "9"]
[EventCountry "HUN"]
[SourceTitle "EXT 2011"]
[Source "ChessBase"]
[SourceDate "2010.11.26"]
[SourceVersion "1"]
[SourceVersionDate "2010.11.26"]
[SourceQuality "1"]

1. e4 e5 2. Nf3 Nc6 3. d4 exd4 4. Nxd4 d6 5. Nc3 Nf6 6. Be3 g6 7. Qd2 Bg7 8. f3 0-0 9. 0-0-0 Nxd4 10. Bxd4 Be6 11. g4 Bxg4 12. fxg4 Nxg4 13. Bxg7 Kxg7 14. h4 h5 15. Be2 Nf6 16. Qd4 Kh7 17. Rdf1 Ng4 18. Bxg4 hxg4 19. h5 Qg5+ 20. Kb1 f5 21. hxg6+ Kxg6 22. exf5+ Rxf5 23. Rxf5 Qxf5 24. Qe3 Rf8 25. a3 Qf4 26. Qe6+ Kg7 27. Rg1 Rf5 28. Nd5 Qg5 29. Ne3 Re5 30. Rxg4 Rxe6 31. Rxg5+ Kf6 32. Rg3 c6 33. Rf3+ Ke7 34. Rh3 Kd8 35. c4 a6 36. Kc2 Rf6 37. Rh7 Kc8 38. b4 Kb8 39. Rd7 Kc8 40. Re7 Kb8 41. Kd3 Rf2 42. Rd7 Ra2 43. Nc2 Rb2 44. Kc3 Rb1 45. Rxd6 Kc7 46. Re6 Kd7 47. Rh6 Rg1 48. Rh7+ Kc8 49. Kd4 Rg5 50. Ne3 Kb8 51. Rf7 a5 52. Nf5 axb4 53. axb4 b6 54. Ke5 Rg1 55. Nd4 Rg5+ 56. Ke6 c5 57. Nc6+ Kc8 58. b5 Rg6+ 59. Rf6 Rg4 60. Kd6 Rg1 61. Rf8+ 1-0

[Event "Harkany Tenkes Cup 33rd"]
[Site "Harkany"]
[Date "2009.11.26"]
[Round "1"]
[White "Varga, Zsofia"]
[Black "Szollosi, Laszlo Jr"]
[Result "0-1"]
[WhiteElo "1840"]
[BlackElo "2245"]
[PlyCount "100"]
[EventDate "2009.11.26"]
[EventType "swiss"]
[EventRounds "9"]
[EventCountry "HUN"]
[SourceTitle "EXT 2011"]
[Source "ChessBase"]
[SourceDate "2010.11.26"]
[SourceVersion "1"]
[SourceVersionDate "2010.11.26"]
[SourceQuality "1"]

1. e4 c5 2. c3 g6 3. d4 cxd4 4. cxd4 d5 5. e5 Bg7 6. Nc3 Nc6 7. Bb5 Nh6 8. Nge2 0-0 9. 0-0 Qb6 10. a4 Nf5 11. Nxd5 Qd8 12. Bxc6 bxc6 13. Ne3 Rb8 14. Ra3 Qb6 15. a5 Qb7 16. Qa4 Rd8 17. Nxf5 Bxf5 18. Rc3 Qa6 19. Re1 Rb5 20. b4 Qb7 21. Ba3 Bh6 22. Rc5 Qd7 23. Bb2 Bd2 24. Rd1 Rxb4 25. Qa3 Rxb2 26. Qxb2 Bh6 27. Qc3 Be4 28. f3 Bd5 29. Rb1 e6 30. Qb2 Qe7 31. Qc3 Qh4 32. Ng3 Bf8 33. Rxd5 Rxd5 34. Ne2 c5 35. dxc5 Bxc5+ 36. Kh1 Qg5 37. f4 Qf5 38. Rf1 Qd3 39. Qb2 Kg7 40. Ng3 h5 41. f5 h4 42. f6+ Kh6 43. Ne2 Qd1 44. Qc1+ Qxc1 45. Nxc1 Be3 46. Nb3 Rxe5 47. g3 hxg3 48. hxg3 Rb5 49. Rb1 a6 50. Kg2 Kg5 0-1

[Event "HUN-chT2 Szechenyi 0809"]
[Site "Hungary"]
[Date "2009.01.25"]
[Round "6.9"]
[White "Varga, Zsofia"]
[Black "Foki, Robert"]
[Result "1/2-1/2"]
[WhiteElo "1800"]
[BlackElo "1909"]
[PlyCount "62"]
[EventDate "2008.10.26"]
[EventType "team-tourn"]
[EventRounds "11"]
[EventCountry "HUN"]
[SourceTitle "EXT 2010"]
[Source "ChessBase"]
[SourceDate "2010.11.25"]
[SourceVersion "1"]
[SourceVersionDate "2010.11.25"]
[SourceQuality "1"]
[WhiteTeam "Flesch"]
[BlackTeam "Arboretum"]
[WhiteTeamCountry "HUN"]
[BlackTeamCountry "HUN"]

1. e4 c5 2. c3 d5 3. exd5 Qxd5 4. d4 Nf6 5. Nf3 Bg4 6. Be2 e6 7. 0-0 Nc6 8. Be3 cxd4 9. Nxd4 Bxe2 10. Qxe2 Bd6 11. Rd1 Qe5 12. Nf3 Qh5 13. Rxd6 0-0 14. Na3 Ne4 15. Rd7 Ne5 16. Rxb7 Ng4 17. Rb5 f5 18. h3 Nxe3 19. Qxe3 a6 20. Re5 g5 21. Rxe6 Rae8 22. Rxe8 Rxe8 23. Re1 g4 24. hxg4 fxg4 25. Qf4 gxf3 26. Rxe4 Rxe4 27. Qxe4 fxg2 28. Qxg2+ Kf7 29. Nc4 Qd1+ 30. Kh2 Qh5+ 31. Qh3 Qc5 1/2-1/2

[Event "HUN-chT2 Szechenyi 0708"]
[Site "Hungary"]
[Date "2007.12.09"]
[Round "4"]
[White "Horvath, Balazs"]
[Black "Varga, Zsofia"]
[Result "1-0"]
[WhiteElo "1841"]
[BlackElo "1772"]
[PlyCount "81"]
[EventDate "2007.10.14"]
[EventType "team"]
[EventRounds "11"]
[EventCountry "HUN"]
[SourceTitle "EXT 2009"]
[Source "ChessBase"]
[SourceDate "2008.11.26"]
[SourceVersion "1"]
[SourceVersionDate "2008.11.26"]
[SourceQuality "1"]
[WhiteTeam "Peti MTE"]
[BlackTeam "Flesch"]
[WhiteTeamCountry "HUN"]
[BlackTeamCountry "HUN"]

1. d4 Nf6 2. c4 e6 3. Nc3 Bb4 4. Qc2 0-0 5. e4 h6 6. Bd3 c5 7. Nge2 Nc6 8. dxc5 Bxc5 9. Be3 Bxe3 10. fxe3 Qb6 11. Qd2 Ne5 12. b3 Nfg4 13. Nd1 f5 14. 0-0 Qd6 15. h3 Nf3+ 16. Rxf3 Ne5 17. exf5 Qxd3 18. Qxd3 Nxd3 19. fxe6 dxe6 20. Rxf8+ Kxf8 21. Ndc3 Ke7 22. Rd1 Ne5 23. Nf4 Bd7 24. Ne4 Rc8 25. c5 g5 26. Nd3 Nxd3 27. Rxd3 Be8 28. Rc3 Rc7 29. Nd6 Bd7 30. b4 a6 31. e4 e5 32. Rf3 Be6 33. a4 Rd7 34. a5 Rc7 35. Kf2 h5 36. Ke3 Rd7 37. Nf5+ Kd8 38. Nd6 Ke7 39. Rf2 h4 40. Rd2 Bc4 41. Nxc4 1-0

[Event "HUN-chT2 Szechenyi 0607"]
[Site "Hungary"]
[Date "2007.04.15"]
[Round "8"]
[White "Domonkos, Daniel"]
[Black "Varga, Zsofia"]
[Result "1-0"]
[WhiteElo "1955"]
[BlackElo "1771"]
[PlyCount "135"]
[EventDate "2006.11.12"]
[EventType "team"]
[EventRounds "11"]
[EventCountry "HUN"]
[SourceTitle "EXT 2008"]
[Source "ChessBase"]
[SourceDate "2007.11.25"]
[SourceVersion "1"]
[SourceVersionDate "2007.11.25"]
[SourceQuality "1"]
[WhiteTeam "Veszprem"]
[BlackTeam "Flesch"]
[WhiteTeamCountry "HUN"]
[BlackTeamCountry "HUN"]

1. d4 Nf6 2. c4 e6 3. Nf3 d5 4. e3 c5 5. dxc5 Bxc5 6. Nc3 dxc4 7. Qxd8+ Kxd8 8. Ne5 Ke7 9. Bxc4 Nbd7 10. Nd3 Rd8 11. b3 Bd6 12. Nb5 Bb8 13. Ba3+ Ke8 14. Nd4 Ne5 15. Bb5+ Bd7 16. Bxd7+ Nfxd7 17. Nf4 g6 18. Rc1 Nf6 19. Ke2 a6 20. f3 Bd6 21. Bxd6 Rxd6 22. Rhd1 Rad8 23. h4 h5 24. Nh3 Nd5 25. Ng5 Nf6 26. f4 Neg4 27. Nc2 Rxd1 28. Rxd1 Rxd1 29. Kxd1 Nf2+ 30. Ke2 N2e4 31. Nxe4 Nxe4 32. Kd3 Nf2+ 33. Kd4 f6 34. Kc5 Kd7 35. Kb6 Kc8 36. Nd4 e5 37. fxe5 fxe5 38. Ne6 Ne4 39. Nf8 g5 40. hxg5 Nxg5 41. Kc5 h4 42. Kd5 e4 43. Ng6 h3 44. gxh3 Nxh3 45. Kxe4 Nf2+ 46. Kd4 Kd7 47. e4 Ke6 48. Nf4+ Kd6 49. e5+ Kc6 50. Nh5 Nh3 51. Ke4 Ng5+ 52. Kf5 Nf3 53. e6 Nd4+ 54. Kf6 Nxe6 55. Kxe6 Kc5 56. Nf4 Kb4 57. Kd5 Ka3 58. Kc4 Kxa2 59. Nd5 b5+ 60. Kc3 a5 61. Nc7 b4+ 62. Kc4 Ka3 63. Nb5+ Ka2 64. Nd4 Kb2 65. Kb5 Kc3 66. Kxa5 Kxd4 67. Kxb4 Kd5 68. Kb5 1-0

[Event "HUN-chT2 Szechenyi 0506"]
[Site "Hungary"]
[Date "2005.10.16"]
[Round "1"]
[White "Varga, Zsofia"]
[Black "Pfeifer, David"]
[Result "1/2-1/2"]
[WhiteElo "1777"]
[BlackElo "1940"]
[PlyCount "41"]
[EventDate "2005.10.16"]
[EventType "team"]
[EventRounds "11"]
[EventCountry "HUN"]
[SourceTitle "EXT 2009"]
[Source "ChessBase"]
[SourceDate "2008.11.26"]
[SourceVersion "1"]
[SourceVersionDate "2008.11.26"]
[SourceQuality "1"]
[WhiteTeam "Flesch"]
[BlackTeam "Ajka Banyasz"]
[WhiteTeamCountry "HUN"]
[BlackTeamCountry "HUN"]

1. e4 e5 2. Nf3 Nc6 3. Bb5 a6 4. Bxc6 dxc6 5. 0-0 Bg4 6. d3 Qf6 7. Nbd2 Bc5 8. h3 Bxf3 9. Nxf3 h6 10. Qe2 Rd8 11. Be3 Bb6 12. Nd2 Ne7 13. Nc4 Bd4 14. Bxd4 Rxd4 15. Qe3 Qf4 16. Rad1 f6 17. a3 0-0 18. Qxf4 exf4 19. c3 Rd7 20. d4 b6 21. f3 1/2-1/2

[Event "HUN-ch U18 Girls"]
[Site "Balatonlelle"]
[Date "2005.07.06"]
[Round "10"]
[White "Varga, Zsofia"]
[Black "Zakar, Dora"]
[Result "0-1"]
[WhiteElo "1738"]
[BlackElo "1954"]
[PlyCount "112"]
[EventDate "2005.06.29"]
[EventType "tourn"]
[EventRounds "11"]
[EventCountry "HUN"]
[SourceTitle "EXT 2008"]
[Source "ChessBase"]
[SourceDate "2007.11.25"]
[SourceVersion "1"]
[SourceVersionDate "2007.11.25"]
[SourceQuality "1"]

1. e4 g6 2. d4 Bg7 3. Nf3 d6 4. Be3 Nd7 5. Nbd2 a6 6. c3 b5 7. Bd3 Bb7 8. 0-0 Ngf6 9. Qc2 0-0 10. Rac1 c5 11. c4 Rc8 12. d5 bxc4 13. Nxc4 Rb8 14. Bd2 Ne8 15. Qa4 Nb6 16. Nxb6 Qxb6 17. b4 cxb4 18. Bxb4 Bxd5 19. Ba5 Bb3 20. axb3 Qxb3 21. Qc4 Qa3 22. Bc3 Nf6 23. Ra1 Qb3 24. Nd2 Qxc4 25. Bxc4 Rfc8 26. Rxa6 Bh6 27. Bxf6 Bxd2 28. Bxe7 Rxc4 29. Bxd6 Re8 30. f3 Kg7 31. Rb1 Re6 32. Rb5 Bc3 33. Rd5 Rd4 34. Ra8 Rxd6 35. Rxd6 Rxd6 36. Kf2 Rd2+ 37. Kf1 Be5 38. h3 Bg3 39. Ra1 Be5 40. Rb1 Bd4 41. Rb4 Rf2+ 42. Ke1 Bc3+ 43. Kxf2 Bxb4 44. f4 f6 45. Kf3 h6 46. g3 Bc3 47. g4 g5 48. Ke3 Kf7 49. Kf3 Bd2 50. f5 Bc3 51. Ke3 Ke7 52. Kd3 Be5 53. Kc4 Kd6 54. Kb5 Bg3 55. Kc4 Ke5 56. Kd3 Bf4 0-1

[Event "HUN-ch U18 Girls"]
[Site "Balatonlelle"]
[Date "2005.07.01"]
[Round "4"]
[White "Domany, Zsofia"]
[Black "Varga, Zsofia"]
[Result "1-0"]
[WhiteElo "2062"]
[BlackElo "1738"]
[PlyCount "81"]
[EventDate "2005.06.29"]
[EventType "tourn"]
[EventRounds "11"]
[EventCountry "HUN"]
[SourceTitle "EXT 2008"]
[Source "ChessBase"]
[SourceDate "2007.11.25"]
[SourceVersion "1"]
[SourceVersionDate "2007.11.25"]
[SourceQuality "1"]

1. e4 e5 2. Nf3 Nc6 3. d4 exd4 4. Bc4 Nf6 5. 0-0 Be7 6. e5 Ne4 7. Bd5 Nc5 8. Bxc6 dxc6 9. Nxd4 0-0 10. Be3 Ne6 11. Nf5 Bg5 12. Nc3 Bxe3 13. Nxe3 Qg5 14. Re1 Qxe5 15. Nf1 Qd6 16. Qh5 Nf4 17. Qf3 Ng6 18. Re4 Be6 19. Rd1 Bd5 20. Nxd5 cxd5 21. Red4 c6 22. c4 Ne7 23. cxd5 Nxd5 24. Ne3 Qf6 25. Nxd5 cxd5 26. Qxf6 gxf6 27. Rxd5 Rfc8 28. R5d2 Kf8 29. g3 Ke7 30. Re1+ Kf8 31. Rd7 Rab8 32. Ree7 Rc1+ 33. Kg2 Ra1 34. Rxf7+ Kg8 35. Rg7+ Kf8 36. Rxh7 Kg8 37. a3 Rb1 38. Rxb7 Rxb7 39. Rxb7 a5 40. a4 Kf8 41. h4 1-0

[Event "HUN-ch U18 Girls"]
[Site "Balatonlelle"]
[Date "2005.06.30"]
[Round "2"]
[White "Simon, Krisztina"]
[Black "Varga, Zsofia"]
[Result "0-1"]
[WhiteElo "1844"]
[BlackElo "1738"]
[PlyCount "98"]
[EventDate "2005.06.29"]
[EventType "tourn"]
[EventRounds "11"]
[EventCountry "HUN"]
[SourceTitle "EXT 2008"]
[Source "ChessBase"]
[SourceDate "2007.11.25"]
[SourceVersion "1"]
[SourceVersionDate "2007.11.25"]
[SourceQuality "1"]

1. e4 e5 2. Nf3 Nc6 3. d4 exd4 4. Nxd4 Qh4 5. Nxc6 Qxe4+ 6. Qe2 Qxe2+ 7. Bxe2 dxc6 8. 0-0 Nf6 9. Re1 Be7 10. Bc4 Nd5 11. c3 Be6 12. Nd2 0-0 13. Bb3 Rfe8 14. Nf3 Bd6 15. Nd4 Bg4 16. Bd2 Bc5 17. Nc2 Kf8 18. Nb4 Nxb4 19. cxb4 Bd6 20. Bc3 Rad8 21. a3 a6 22. Rac1 Bf4 23. Rxe8+ Rxe8 24. Re1 Rxe1+ 25. Bxe1 Ke7 26. Bc3 f6 27. Kf1 Be6 28. Bc2 h6 29. h3 Kd6 30. Ke2 Be5 31. Ke3 Bxc3 32. bxc3 c5 33. Kf4 cxb4 34. cxb4 c5 35. bxc5+ Kxc5 36. Bf5 Bxf5 37. Kxf5 b5 38. Kg6 a5 39. Kxg7 b4 40. axb4+ axb4 41. Kxh6 b3 42. h4 b2 43. h5 b1Q 44. Kg7 Qf5 45. h6 Qg5+ 46. Kh7 Qxg2 47. Kh8 Qxf2 48. h7 Qh4 49. Kg7 Qxh7+ 0-1

[Event "HUN-chT2 Szechenyi 0405"]
[Site "Hungary"]
[Date "2005.03.06"]
[Round "9"]
[White "Varga, Zsofia"]
[Black "Simon, Istvan"]
[Result "1/2-1/2"]
[WhiteElo "1738"]
[BlackElo "2015"]
[PlyCount "32"]
[EventDate "2004.09.26"]
[EventType "team"]
[EventRounds "11"]
[EventCountry "HUN"]
[SourceTitle "EXT 2009"]
[Source "ChessBase"]
[SourceDate "2008.11.26"]
[SourceVersion "1"]
[SourceVersionDate "2008.11.26"]
[SourceQuality "1"]
[WhiteTeam "Flesch"]
[BlackTeam "Veszprem"]
[WhiteTeamCountry "HUN"]
[BlackTeamCountry "HUN"]

1. e4 d5 2. exd5 Qxd5 3. d4 Nf6 4. Nf3 g6 5. Be3 Bg7 6. Be2 c6 7. c3 Ng4 8. Bf4 0-0 9. 0-0 Bh6 10. Qd2 Bxf4 11. Qxf4 Qf5 12. Qxf5 Bxf5 13. h3 Nf6 14. Nbd2 Ne4 15. Nxe4 Bxe4 16. Rfe1 Bxf3 1/2-1/2

[Event "HUN-chT2 Szechenyi 0405"]
[Site "Hungary"]
[Date "2005.02.06"]
[Round "7"]
[White "Ruszin, Rita"]
[Black "Varga, Zsofia"]
[Result "0-1"]
[WhiteElo "1865"]
[BlackElo "1738"]
[PlyCount "104"]
[EventDate "2004.09.26"]
[EventType "team"]
[EventRounds "11"]
[EventCountry "HUN"]
[SourceTitle "EXT 2009"]
[Source "ChessBase"]
[SourceDate "2008.11.26"]
[SourceVersion "1"]
[SourceVersionDate "2008.11.26"]
[SourceQuality "1"]
[WhiteTeam "Zala Volan"]
[BlackTeam "Flesch"]
[WhiteTeamCountry "HUN"]
[BlackTeamCountry "HUN"]

1. e4 e5 2. f4 exf4 3. Nf3 d6 4. d4 Nf6 5. Nc3 Bg4 6. Bxf4 Be7 7. Bc4 0-0 8. 0-0 Nbd7 9. Qe1 Nb6 10. Bb3 Qd7 11. Rd1 Rad8 12. e5 Nh5 13. exd6 Bxd6 14. Bxd6 cxd6 15. Ng5 d5 16. Rd2 h6 17. Nf3 Bxf3 18. Rxf3 Nf6 19. Qg3 Qg4 20. Qxg4 Nxg4 21. Re2 Rfe8 22. h3 Rxe2 23. Nxe2 Nf6 24. Re3 Kf8 25. Nc3 a6 26. Kf2 Rd6 27. a4 Re6 28. a5 Nc4 29. Bxc4 dxc4 30. Rxe6 fxe6 31. Na4 Nd7 32. Ke3 Ke7 33. Nc3 Nf6 34. Ne4 Nd5+ 35. Ke2 Nb4 36. c3 Nc6 37. Nc5 Nxa5 38. Ke3 Kd6 39. Ne4+ Kd5 40. Nc5 e5 41. Nd7 exd4+ 42. cxd4 b5 43. Nc5 Nb3 44. Nxa6 Nxd4 45. Nc7+ Ke5 46. Na6 Nc6 47. Nc5 b4 48. Ne4 Nd4 49. Nd2 Nf5+ 50. Ke2 c3 51. bxc3 bxc3 52. Nb3 Nd4+ 0-1

[Event "HUN-chT2 Szechenyi 0304"]
[Site "Hungary"]
[Date "2003.09.28"]
[Round "1"]
[White "Pal, Csanad"]
[Black "Varga, Zsofia"]
[Result "0-1"]
[WhiteElo "1403"]
[BlackElo "1640"]
[PlyCount "56"]
[EventDate "2003.09.28"]
[EventType "team"]
[EventRounds "11"]
[EventCountry "HUN"]
[SourceTitle "EXT 2009"]
[Source "ChessBase"]
[SourceDate "2008.11.26"]
[SourceVersion "1"]
[SourceVersionDate "2008.11.26"]
[SourceQuality "1"]
[WhiteTeam "Haladas II"]
[BlackTeam "Flesch"]
[WhiteTeamCountry "HUN"]
[BlackTeamCountry "HUN"]

1. e4 e5 2. Nf3 Nc6 3. d4 exd4 4. Bc4 Be7 5. c3 dxc3 6. Qd5 Nh6 7. Bxh6 0-0 8. Bxg7 Kxg7 9. Nxc3 d6 10. 0-0 Be6 11. Qb5 a6 12. Qb3 Na5 13. Qb4 c5 14. Qa4 Nxc4 15. Qc2 Rg8 16. Nd5 Bxd5 17. exd5 b5 18. Rfe1 Bf6 19. Rab1 Ne5 20. Qe4 Nxf3+ 21. Qxf3 Bg5 22. Qg3 Kf8 23. Qf3 Qf6 24. Qxf6 Bxf6 25. Re4 Re8 26. Rxe8+ Kxe8 27. b3 Rg5 28. Rd1 Bd4 0-1

[Event "HUN-chT2 Szechenyi 0203"]
[Site "Hungary"]
[Date "2003.04.06"]
[Round "10"]
[White "Varga, Zsofia"]
[Black "Gollei, Peter"]
[Result "1/2-1/2"]
[WhiteElo "1674"]
[BlackElo "1476"]
[PlyCount "69"]
[EventDate "2002.09.22"]
[EventType "team"]
[EventRounds "11"]
[EventCountry "HUN"]
[SourceTitle "EXT 2009"]
[Source "ChessBase"]
[SourceDate "2008.11.26"]
[SourceVersion "1"]
[SourceVersionDate "2008.11.26"]
[SourceQuality "1"]

1. e4 e6 2. d4 d5 3. exd5 exd5 4. Bd3 c6 5. c3 Nf6 6. Nf3 Bg4 7. h3 Bh5 8. 0-0 Be7 9. Be3 0-0 10. Nbd2 Nbd7 11. Qc2 Qc7 12. Rfe1 Rfe8 13. Rac1 Rac8 14. Bg5 Bg6 15. Bxg6 fxg6 16. Ne5 Nh5 17. Bxe7 Rxe7 18. Ndf3 Nxe5 19. Rxe5 Rxe5 20. Nxe5 Nf6 21. f3 Nd7 22. Re1 Re8 23. f4 g5 24. Qd2 gxf4 25. Qxf4 Nxe5 26. Rxe5 Rxe5 27. dxe5 Qb6+ 28. Qf2 Qxf2+ 29. Kxf2 Kf7 30. Ke3 Ke6 31. Kd4 b6 32. b4 a5 33. a3 h6 34. g3 g6 35. g4 1/2-1/2